Master NRL Fanatics - Statistics

General Stats
  • This quiz has been taken 18 times
  • The average score is 7 of 15
Answer Stats
Question Answer % Correct
In what year did Craig Bellamy start coaching the Storm? 2003
100%
In what year did Wayne Bennett leave Brisbane? 2008
100%
Which of the following fullbacks was never alleged to be involved in an off the field incident which damaged his reputation Matt Bowen
100%
Who has never played at fullback for the Maroons? Ty Williams
100%
What is the biggest NRL stadium? ANZ Stadium
50%
Which club has Willie Mason NOT played for? Cronulla Sharks
50%
Which club had a home stadium that rhymed for years until Toyota took over the naming rights in 2013? Cronulla Sharks
50%
Who was famously second in line throughout the duration of Cam Smith's long origin run? Matt Ballinn
50%
As of 2018; which club has the longest premiership draught Parramatta Eels
50%
Which clash is not known to a RIVAL/DERBY affair? Wests Tigers vs Canterbury Buldogs
50%
What career did Geoff Toovey pursue prior to his entry into the NRL coaching fraternity? Accountant
0%
In 2010 the Dragons won the GF, who was the player who embraced his father both in tears at the end of the game on the field Dean Young
0%
Which 2 players have never played together Matt King & Wade McKinnon
0%
Where is the furthest place to travel to play if you play for the Broncos? NZ Warriors
0%
Which front row forward partnership has won the most origin series? Steve Price & Petereo Civoniceva
0%
No matching quizzes found
Score Distribution
Percent of People with Each Score
Percentile by Number Answered
Your Score History
You have not taken this quiz